000
00266nam a2200097Ia 4500
008
240331s9999 xx 000 0 und d
082
_b
REA
100
_a
The Reader's Digest Associationt. ed
245
4
_a
The reader's great encyclopaedic dictionary :
_b
Vol.1
942
_c
L
999
_c
3275
_d
3275